| 000 | 00823nam a2200289Ia 4500 | ||
|---|---|---|---|
| 008 | 160303s9999 xx 000 0 und d | ||
| 020 | _a971-08-6306-1 | ||
| 050 | _aFIL N 346.5 | ||
| 050 | _b.P5A77 2002 c.1 | ||
| 100 | _aArrogante, Jose A. | ||
| 245 | _aPagpapahalagang sining sa Filipino : | ||
| 245 | _bpinta at literatura, sayaw at musika, atb… / | ||
| 245 | _cJose A. Arrogante. | ||
| 260 | _aMandaluyong: | ||
| 260 | _bNational Book Store, | ||
| 260 | _c2002 | ||
| 300 | _a287 pages : | ||
| 300 | _billustrations ; | ||
| 300 | _c22 cm. | ||
| 500 | _aIncludes bibliographical references. | ||
| 650 | _aArt -- | ||
| 650 | _aArts -- | ||
| 650 | _aHumanities -- | ||
| 650 | _xPhilippines -- History. | ||
| 650 | _xStudy and teaching (Higher) -- Philippines. | ||
| 650 | _xStudy and teaching. | ||
| 999 |
_c291268 _d291268 |
||